000 00577nam a2200217 i 4500
001 bgj
100 1 _aGILBERT, Martin
_d(1936- ).
245 1 0 _aThe dent atlas of British history /
_cMartin Gilbert.
250 _a2nd ed.
260 _aLondon :
_bJ M Dent,
_c1993.
300 _a[3], 144 pp :
_bmaps ;
_c26 cm.
610 2 9 _aGreat Britain
_xHistorical geography
610 2 9 _aGreat Britain
_xHistory
655 _aMaps
020 _a0460861794
040 _cBPK
041 0 _aeng
920 _a0-460-86179-4
942 _cKS
008 s uk f |000 0 eng
999 _c49275
_d49275
856 _uhttp://koha.tu.koszalin.pl/cgi-bin/koha/opac-detail.pl?biblionumber=49275
_yKatalog online BPK